000 00846nam a2200253Ia 4500
003 OSt
005 20220923215127.0
006 a|||||r|||| 00| 0
007 ta
008 220922b |||||||| |||| 00| 0 hin d
024 _a175,850
037 _cTextual
040 _aARTS
_cARTS
_bhin
041 _2hin
_ahin
082 _aO152,1xN5, M5
100 _aरणजीत, संपा.
245 0 _aप्रगतिशील कविता के मील-पत्थर
246 _aPragatishīl kavitā ke mīla-patthara
260 _aइलाहाबाद
_b लोकभारती प्रकाशन
_c1985
300 _a323 पृ.
_ccm.
650 _aहिन्दी साहित्य
_9156264
942 _hO152,1xN5, M5
_cTEXL
_2CC
999 _c329526
_d329526